| 000 | 01027cam a22002655a 4500 | ||
|---|---|---|---|
| 001 | 13799769 | ||
| 005 | 20170427114700.0 | ||
| 008 | 041126t2004 enka frb f001 0 eng d | ||
| 020 | _a0192803476 | ||
| 020 | _a9780192803474 | ||
| 040 |
_aYUS _cYUS _dVFL _dDLC _dEG-ScBUE _beng |
||
| 082 | 0 | 4 |
_222 _a201.3 _bSEG |
| 100 | 1 | _aSegal, Robert Alan. | |
| 245 | 1 | 0 |
_aMyth : _ba very short introduction / _cRobert A. Segal. |
| 260 |
_aOxford ; _aNew York : _bOxford University Press, _cc.2004. |
||
| 300 |
_a163 p. : _bill. ; _c18 cm. |
||
| 490 | 0 |
_aVery short introductions ; _v111 |
|
| 500 | _aIndex : p. 159-163. | ||
| 504 | _aBibliography : p. 143-158. | ||
| 505 | 0 | _aIntroduction: theories of myth -- Myth and science -- Myth and philosophy -- Myth and religion -- Myth and ritual -- Myth and literature -- Myth and psychology -- Myth and structure -- Myth and society -- Conclusion: the future of the study of myth. | |
| 650 | 7 |
_aMyth. _2BUEsh |
|
| 650 | 7 |
_aMythology. _2BUEsh |
|
| 653 |
_bHHUUPPSS _cApril2017 |
||
| 942 | _2ddc | ||
| 999 |
_c24727 _d24699 |
||